000
00220 a2200085 4500
020
_a
9789914438208
245
_a
Early Years Curriculum Designs
260
_b
Kenya Instititute of Curriculum Development
_c
2021
942
_c
BK
999
_c
58842
_d
58842